000 00411nam a22001457a 4500
005 20250924145426.0
008 250924b |||||||| |||| 00| 0 eng d
020 _a9780964974630
050 _aS494
_b.5.D3 JAM
100 _aJAMES HENRY
245 _aTHE FARMER'S GUIDE TO THE INTERNET
_bPRODUCED IN COOPERATION WITH FARM JOURNAL
260 _aUSA
_bVA RURAL STUDIES
_c1997
300 _a291p
942 _2ddc
_cBK
_n0
999 _c7690
_d7690